[Event "12th Aosta Open"]
[Site "St Vincent ITA"]
[Date "2004.02.11"]
[Round "5"]
[White "Letreguilly,O"]
[Black "Prie,E"]
[Result "0-1"]
[WhiteElo "2258"]
[BlackElo "2429"]

1.c4 c6 2.e4 e5 3.Nf3 d6 4.d4 Bg4 5.dxe5 Bxf3 6.gxf3 dxe5 7.Qxd8+ Kxd8 8.Nc3 Nf6
9.Be3 Nbd7 10.Bh3 Bc5 11.Rg1 Bxe3 12.fxe3 g6 13.O-O-O Ke7 14.Kc2 h6 15.Rd2 Rhd8
16.Rgd1 Nf8 17.Na4 Rxd2+ 18.Rxd2 N8d7 19.b4 Rd8 20.Nb2 Nh7 21.c5 Ng5 22.Bg2 b6
23.cxb6 Nxb6 24.Rxd8 Kxd8 25.Kc3 f6 26.b5 cxb5 27.Kb4 a6 28.Ka5 Kc7 29.Kxa6 Nc4
30.h4 Ne6 31.Bh3 Nxb2 32.Bxe6 Kc6 33.Bf7 Kc5 34.Bxg6 Nc4 35.f4 Nxe3 36.fxe5 fxe5
37.Kb7 Nc4 38.Kc7 Nd2 39.Kd7 b4 40.Ke6 Kd4 41.Kf6 Nxe4+ 42.Kg7 Ng3 43.Kxh6 e4
44.Be8 e3 45.Bb5 e2 46.Bxe2 Nxe2 47.Kg5 Ng3 48.Kf4 Nh5+ 49.Kg5 Ng7 50.Kf6 Ne8+
51.Ke7 Ng7 52.Kf6 Nh5+ 53.Kg5 Ng3 54.Kf4 Ne2+ 55.Kf5 Kd5 56.Kf6 Ng3 57.Kf7 Kd6
58.Kf6 Ne4+ 59.Kf7 Ng3 60.Kf6 Kd5 61.Kf7 Ke5 62.Kg6 Ke6 63.Kg5 Ne2 64.Kg6 Ke7
65.Kg7 Nd4 66.Kg8 Kf6  0-1

[Event "12th Aosta Open"]
[Site "St Vincent ITA"]
[Date "2004.02.11"]
[Round "5"]
[White "Sarno,S"]
[Black "Tomba,I"]
[Result "1-0"]
[WhiteElo "2395"]
[BlackElo "2236"]

1.c4 c6 2.e4 d5 3.exd5 cxd5 4.d4 Nf6 5.Nc3 Nc6 6.Bg5 e6 7.Nf3 Be7 8.Rc1 O-O
9.c5 b6 10.Bb5 Bb7 11.Bxc6 Bxc6 12.b4 bxc5 13.bxc5 Nd7 14.Bxe7 Qxe7 15.O-O e5
16.dxe5 Qxc5 17.Ne2 Qb6 18.Nf4 Qb7 19.Re1 Rfe8 20.Qd3 d4 21.e6 Bxf3 22.exf7+ Kxf7
23.Qc4+ Kf8 24.Ne6+ Rxe6 25.Qxe6 Bd5 26.Qd6+ Kg8 27.Rc7  1-0

[Event "12th Aosta Open"]
[Site "St Vincent ITA"]
[Date "2004.02.11"]
[Round "5"]
[White "Mchedlishvili,M"]
[Black "Friedrich,N"]
[Result "1-0"]
[WhiteElo "2557"]
[BlackElo "2288"]

1.c4 c6 2.Nf3 d5 3.d4 Nf6 4.Qc2 g6 5.Bf4 Bg7 6.e3 O-O 7.Nc3 Na6 8.cxd5 Nb4
9.Qb3 Nbxd5 10.Be5 Qb6 11.Bc4 Qxb3 12.Bxb3 Nxc3 13.bxc3 Ne4 14.Rc1 Bf5 15.Ke2 Bg4
16.h3 Bxf3+ 17.gxf3 Bxe5 18.fxe4 Bc7 19.f4 Rab8 20.h4 Kg7 21.h5 Rfd8 22.Rcg1 Ba5
23.Kd3 c5 24.f5 Rbc8 25.e5 Rc7 26.fxg6 fxg6 27.Rf1 g5 28.h6+ Kh8 29.Rf7 b5
30.Be6 cxd4 31.cxd4 Re8 32.Rhf1  1-0

[Event "X Open"]
[Site "Coria del Rio ESP"]
[Date "2004.02.13"]
[Round "3"]
[White "Matamoros Franco,C"]
[Black "Martin Perez,J"]
[Result "1-0"]
[WhiteElo "2490"]
[BlackElo "2280"]

1.c4 c6 2.e4 d5 3.exd5 Nf6 4.Nc3 cxd5 5.cxd5 Nxd5 6.Nf3 Nxc3 7.bxc3 g6 8.d4 Bg7
9.Bd3 O-O 10.O-O Nc6 11.Re1 Bg4 12.Be4 Rc8 13.h3 Bxf3 14.Bxf3 e5 15.Ba3 Re8
16.d5 Na5 17.d6 Rxc3 18.d7 Rxa3 19.dxe8=Q+ Qxe8 20.Qc1 Rxf3 21.gxf3 Nc6 22.Qc4 h5
23.Rad1 Qe7 24.f4 Qf6 25.Rd7 Nd4 26.fxe5 Nf3+ 27.Kf1 Nh2+ 28.Kg2 Qf3+ 29.Kg1 Qf5
30.Qxf7+ Qxf7 31.Rxf7 Kxf7 32.Kxh2 Ke6 33.f4 g5 34.f5+ Kxf5 35.e6 Be5+ 36.Rxe5+  1-0

[Event "12th Aosta Open"]
[Site "St Vincent ITA"]
[Date "2004.02.13"]
[Round "7"]
[White "Sarno,S"]
[Black "Olarasu,G"]
[Result "1/2-1/2"]
[WhiteElo "2395"]
[BlackElo "2311"]

1.c4 c6 2.e4 e5 3.Nf3 d6 4.Nc3 Bg4 5.Be2 c5 6.O-O Be7 7.Ne1 Be6 8.Nc2 Nc6
9.d3 Nf6 10.Rb1 O-O 11.b4 cxb4 12.Nxb4 Nxb4 13.Rxb4 b6 14.Rb2 Nd7 15.Be3 Bg5
16.Qd2 Bxe3 17.Qxe3 Qc7 18.Nb5  1/2-1/2

[Event "Bundesliga 2003-4"]
[Site "Tegernsee GER"]
[Date "2004.02.14"]
[Round "8"]
[White "Poldauf,D"]
[Black "Kuraszkiewicz,M"]
[Result "1-0"]
[WhiteElo "2412"]
[BlackElo "2304"]

1.c4 c6 2.e4 d5 3.exd5 cxd5 4.cxd5 Nf6 5.Bb5+ Nbd7 6.Nc3 a6 7.Qa4 g6 8.d4 Bg7
9.Nf3 O-O 10.Bxd7 Bxd7 11.Qb3 Qc7 12.O-O Rad8 13.Bg5 Bc8 14.Rfe1 Rfe8 15.Ne5 Qd6
16.Nc4 Qd7 17.Nb6 Qg4 18.Be3 Bf5 19.f3 Qh4 20.Bf2 Qh6 21.Rad1 g5 22.g4 Bd7
23.Kg2 Qg6 24.Bg3 Bxg4 25.fxg4 Nxg4 26.Ne4 f5 27.d6+ Kh8 28.d7 Rf8 29.Nf2 Nxf2
30.Bxf2 f4 31.Qe6 Qc2 32.Nd5 g4 33.Qxg4 f3+ 34.Kg1 Bh6 35.Nxe7 Rf7 36.d5 Rxe7
37.Bd4+ Bg7 38.Bxg7+  1-0

[Event "Makita-Lakoni GM"]
[Site "Jakarta IND"]
[Date "2004.02.16"]
[Round "1"]
[White "Juswanto,D"]
[Black "Adianto,U"]
[Result "1/2-1/2"]
[WhiteElo "2505"]
[BlackElo "2591"]

1.c4 c6 2.Nf3 Nf6 3.b3 d5 4.Bb2 Bg4 5.e3 e6 6.Be2 Nbd7 7.O-O Bd6 8.cxd5 cxd5
9.Nd4 Bxe2 10.Qxe2 O-O 11.Nc3 Re8 12.f4 Rc8 13.Rac1 a6 14.Kh1 Qe7 15.Ba1 Bc5
16.Nf3 Ba3 17.Rcd1 Bd6 18.Nd4 Bc5 19.Nf3 Bd6 20.Nd4  1/2-1/2

[Event "5th Montenegro Open"]
[Site "Sozina SCG"]
[Date "2004.02.18"]
[Round "1"]
[White "Veleski,R"]
[Black "Kharitonov,Alexa"]
[Result "0-1"]
[WhiteElo "2201"]
[BlackElo "2461"]

1.c4 c6 2.Nc3 d5 3.cxd5 cxd5 4.d4 Nc6 5.Bf4 Nf6 6.e3 a6 7.Bd3 Bg4 8.f3 Bh5
9.Rc1 e6 10.Qb3 Ra7 11.Nge2 Bg6 12.Bxg6 hxg6 13.Na4 Nh5 14.Qb6 Qxb6 15.Nxb6 Bb4+
16.Kf2 Nxf4 17.Nxf4 Ke7 18.Nd3 Ba5 19.Na4 Kd6 20.Rc2 f6 21.Rhc1 Rc8 22.b4 Bd8
23.Nac5 g5 24.a4 Bb6 25.b5 axb5 26.axb5 Ne7 27.e4 e5 28.exd5 Kxd5 29.dxe5 Ra5
30.exf6 gxf6 31.Rd2 Rxb5 32.g4 Kc6 33.Rdc2 Kd6 34.Rd2 Nd5 35.Kg3 Bxc5 36.Rcd1 Be3
37.Re2 Nc3  0-1

[Event "X Open"]
[Site "Coria del Rio ESP"]
[Date "2004.02.19"]
[Round "9"]
[White "Del Rio Angelis,S"]
[Black "Perez,Rod"]
[Result "1-0"]
[WhiteElo "2504"]
[BlackElo "2458"]

1.c4 c6 2.e4 d5 3.exd5 cxd5 4.d4 Nf6 5.Nc3 e6 6.Nf3 Be7 7.cxd5 Nxd5 8.Bc4 O-O
9.O-O Nc6 10.Re1 a6 11.a3 b5 12.Bd3 Nf6 13.Bf4 Bb7 14.Rc1 b4 15.axb4 Nxb4
16.Bb1 Rc8 17.Ne5 Qb6 18.Na4 Qb5 19.Nc3 Qb6 20.Bg5 Rcd8 21.Ne2 h6 22.Be3 Be4
23.Bxe4 Nxe4 24.Qb3 Qd6 25.Bf4 Qd5 26.Qh3 Nf6 27.Bxh6 gxh6 28.Nf4 Qxd4 29.Nxe6 fxe6
30.Qxe6+ Kh8 31.Ng6+ Kh7 32.Qf5 Rf7 33.Ne5+ Kg8 34.Nxf7 Kxf7 35.Qe6+ Kg6
36.Rc4 Bf8 37.Rxd4 Rxd4 38.g3 Nd3 39.Rd1 Nf4 40.Qb3 Rxd1+ 41.Qxd1  1-0

[Event "2nd IM"]
[Site "Nancy FRA"]
[Date "2004.02.19"]
[Round "6"]
[White "Adrian,C"]
[Black "Milliet,S"]
[Result "1-0"]
[WhiteElo "2318"]
[BlackElo "2326"]

1.c4 c6 2.Nf3 d5 3.d4 Nf6 4.Nc3 a6 5.Ne5 Nbd7 6.Bf4 dxc4 7.e3 Nxe5 8.dxe5 Nd5
9.Bxc4 e6 10.O-O Nxc3 11.Qxd8+ Kxd8 12.bxc3 Be7 13.a4 b6 14.e4 Kc7 15.Be3 c5
16.f4 Bd7 17.f5 Rhe8 18.Bb3 b5 19.a5 Bc6 20.Bc2 Rad8 21.g4 h6 22.f6 gxf6
23.exf6 Bd6 24.Rad1 Rg8 25.h3 h5 26.g5 Be5 27.Rxd8 Kxd8 28.h4 Bxc3 29.Bxc5 Be5
30.Kf2 Kc7 31.Ke3 Bd6 32.Bb6+ Kb7 33.Bd1 Rh8 34.Bf3 Bg3 35.Rh1 e5 36.Bd1 Bd7
37.Bb3 Bf4+ 38.Kf2 Rh7 39.Rd1  1-0

[Event "2nd Breizh Masters B"]
[Site "Guingamp FRA"]
[Date "2004.02.20"]
[Round "8"]
[White "Terrieux,K"]
[Black "Laurent,B"]
[Result "0-1"]
[WhiteElo "2262"]
[BlackElo "2363"]

1.c4 c6 2.d4 d5 3.Nf3 Nf6 4.Nc3 a6 5.a4 e6 6.e3 c5 7.Bd3 Nc6 8.O-O Be7 9.Re1 dxc4
10.Bxc4 O-O 11.h3 b6 12.d5 Na5 13.Ba2 exd5 14.Nxd5 Nxd5 15.Bxd5 Bb7 16.Bxb7 Nxb7
17.Qc2 b5 18.e4 Qc7 19.e5 c4 20.Be3 Nc5 21.Bxc5 Qxc5 22.Re4 Rad8 23.axb5 axb5
24.Rb1 Rd3 25.b3 Qd5 26.Re3 Rxe3 27.fxe3 Bc5 28.Kf2 Rd8 29.bxc4 bxc4 30.Rc1 Ba3
31.Rb1 h6 32.Ke2 Qc6 33.Rd1 Rb8 34.Rh1 Rc8 35.Qc3 Be7 36.Kf2 Ra8 37.Rc1 Ra2+
38.Rc2 Bb4  0-1

[Event "Aeroflot Open"]
[Site "Moscow RUS"]
[Date "2004.02.21"]
[Round "5"]
[White "Kharlov,A"]
[Black "Minasian,Ara"]
[Result "0-1"]
[WhiteElo "2607"]
[BlackElo "2499"]

1.c4 c6 2.e4 e5 3.Nf3 d6 4.d4 Bg4 5.Be2 Nd7 6.Nc3 Ngf6 7.O-O Be7 8.Be3 O-O
9.Rc1 a6 10.h3 Bh5 11.d5 cxd5 12.cxd5 Rc8 13.Nd2 Bg6 14.b4 Ne8 15.Bg4 Nef6
16.Bf3 Ne8 17.Nb3 Bg5 18.Bxg5 Qxg5 19.Na5 f5 20.Nxb7 Rb8 21.Na5 Rxb4 22.Nc6 fxe4
23.Bg4 Rb7 24.Na5 Rc7 25.Na4 Ndf6 26.Be6+ Bf7 27.Nc6 Bxe6 28.dxe6 Nh5 29.e7 Rf7
30.Qg4 Qxg4 31.hxg4 Nf4 32.Rc2 Ne2+ 33.Rxe2 Rxc6 34.Rxe4 Rxe7 35.Rb4 h6 36.Rd1 Nf6
37.Rb6 Rec7 38.Rxd6 Rc1+ 39.Kh2 Nxg4+ 40.Kg3 Nf6 41.Rd8+ Kh7 42.Rxa6 R7c4
43.Nb2 Nh5+ 44.Kf3 R1c3+ 45.Ke2 Rc2+ 46.Rd2 Nf4+ 47.Ke1 Rxb2  0-1

[Event "VII Malaga Open"]
[Site "Campillos ESP"]
[Date "2004.02.23"]
[Round "4"]
[White "Del Rio Angelis,S"]
[Black "Tissir,M"]
[Result "1-0"]
[WhiteElo "2504"]
[BlackElo "2436"]

1.c4 c6 2.e4 d5 3.exd5 cxd5 4.d4 Nf6 5.Nc3 e6 6.Nf3 Bb4 7.Bd3 dxc4 8.Bxc4 O-O
9.O-O b6 10.Qe2 Bb7 11.Rd1 Nbd7 12.Bd2 Re8 13.a3 Bxc3 14.Bxc3 Nd5 15.Bd2 a6
16.Bd3 h6 17.Re1 f5 18.Bc4 N7f6 19.a4 Ne4 20.Bc1 Qd6 21.Ne5 Nef6 22.Ra3 Rac8
23.Rg3 Kh7 24.b3 Rc7 25.Bd2 Nb4 26.Rg6 Nbd5 27.Qd3 Ne7 28.Nf7 Qa3 29.Rxf6 gxf6
30.Qh3 Ng8 31.Nxh6 Kg7 32.Qh4  1-0

[Event "5th Montenegro Open"]
[Site "Sozina SCG"]
[Date "2004.02.23"]
[Round "6"]
[White "Drazic,S"]
[Black "Kalezic,B"]
[Result "0-1"]
[WhiteElo "2499"]
[BlackElo "2442"]

1.c4 c6 2.Nf3 d5 3.d4 e6 4.Bg5 Nf6 5.Nbd2 h6 6.Bxf6 Qxf6 7.g3 Nd7 8.Bg2 Qd8
9.O-O Be7 10.e4 dxe4 11.Nxe4 O-O 12.Qc2 Qc7 13.Rfe1 Rd8 14.Rad1 Nf6 15.Ne5 Bd7
16.Nc3 Be8 17.Qe2 Rac8 18.a3 Bf8 19.Rd3 a6 20.h4 Nd7 21.Nf3 Nf6 22.Ne5 Nd7
23.f4 f6 24.Nf3 Bf7 25.Kh2 Re8 26.Re3 f5 27.c5 Rcd8 28.b4 Nf6 29.Kg1 Re7
30.Qc2 Bh5 31.Rxe6 Rxe6 32.Rxe6 Qd7 33.Re2 Bxf3 34.Bxf3 Qxd4+ 35.Kg2 Qd3
36.h5 a5 37.Qxd3 Rxd3 38.Rc2 Be7 39.Be2 Rd4 40.Rb2 axb4 41.axb4 g6 42.hxg6 Kg7
43.Kf2 Rxb4 44.Rc2 Bxc5+ 45.Kg2 Bd4 46.Na2 Rb2 47.Rxb2 Bxb2 48.Nb4 Bc3 49.Nd3 Bd4
50.Bf3 Kxg6 51.Nb4 Ne4 52.g4 Bc5 53.Nd3 Bd6 54.Kh3 Nf6 55.gxf5+ Kxf5 56.Kg3 Ne4+
57.Kh4 Nf6 58.Bg2 Nd5 59.Bh3+ Ke4 60.Nf2+ Kxf4 61.Bc8 b6 62.Bb7 Ne7 63.Kh5 Kf5
64.Kxh6 Ke6 65.Kg5 Kd7 66.Ne4 Kc7 67.Kf6 Bb4 68.Ba8 Kb8 69.Bxc6 Nxc6 70.Ke6 Kc7
71.Kd5 b5 72.Ng5 Kb6 73.Ne6 Be7 74.Nf4 Bg5 75.Ne2 Bf6 76.Nf4 Nb4+ 77.Kd6 Bh4
78.Ne2 Bf6 79.Ke6 Bh8 80.Kd6 Nc6 81.Kd5 Na5 82.Nc1 b4 83.Ke4 Kb5 84.Kd3 Bg7
85.Kc2 Kc4 86.Kb1 Bh6 87.Ne2 Nc6 88.Ng3 Nd4 89.Ne4 Bf4 90.Kb2 Nb5 91.Nf2 Be5+
92.Kc1 Nc3 93.Ng4 Bd4 94.Nh2 b3 95.Nf3 Ne4 96.Kb1 Kc5 97.Kc1 Bc3 98.Kd1 Kb4
99.Kc1 Nd2  0-1

[Event "5th Montenegro Open"]
[Site "Sozina SCG"]
[Date "2004.02.24"]
[Round "7"]
[White "Veleski,R"]
[Black "Cernousek,L"]
[Result "1-0"]
[WhiteElo "2201"]
[BlackElo "2375"]

1.c4 c6 2.Nf3 Nf6 3.d4 d5 4.cxd5 cxd5 5.Bf4 Qb6 6.e3 Qxb2 7.Nbd2 Bf5 8.a4 a6
9.g4 Bxg4 10.Rb1 Qc3 11.Rc1 Qb4 12.Ne5 Bd7 13.Nd3 Qa5 14.Bh3 Bxh3 15.Bc7 b6
16.Rc5 Qxd2+ 17.Qxd2 bxc5 18.Qb2 Bc8 19.Bxb8 Nd7 20.Bc7 c4 21.Nc5 e6 22.Rg1 Nxc5
23.dxc5 Bxc5 24.Qxg7 Rf8 25.Qf6 Be7 26.Qb2 Bd7 27.Bb8 a5 28.Qb7 Bb4+ 29.Ke2 Rxb8
30.Qxb8+ Ke7 31.Qb7 Bd6 32.Qa7 Rb8 33.Qxa5 Rb2+ 34.Kf3 Bc6 35.Rg8 d4+ 36.Kg4 f5+
37.Kh3  1-0

[Event "11th Metalis Open"]
[Site "Bizovac CRO"]
[Date "2004.02.26"]
[Round "2"]
[White "Ljangov,P"]
[Black "Doric,N"]
[Result "1/2-1/2"]
[WhiteElo "2161"]
[BlackElo "2390"]

1.c4 c6 2.Nf3 d5 3.e3 Nf6 4.d4 Bf5 5.Nbd2 e6 6.Be2 Ne4 7.O-O Nd7 8.Ne1 Be7
9.f3 Nxd2 10.Bxd2 O-O 11.cxd5 exd5 12.Nd3 Re8 13.Re1 Bd6 14.Nf2 Qh4 15.f4 Qe7
16.Bf3 Nf6 17.Rc1 Ne4 18.Nxe4 Bxe4 19.Bxe4 Qxe4 20.Qc2 Qe7 21.Qd3 Qh4 22.Rf1 Re4
23.Rf3 Rae8 24.b4 Qe7 25.a3 a6 26.Rh3 Qc7 27.Qf1 Qd7 28.Qf3 g6 29.Rf1 f5
30.Qd1 Bf8 31.Rhf3 Qc7 32.h3 Qd7 33.R3f2 h5 34.g4 hxg4 35.hxg4 R8e7 36.gxf5 gxf5
37.Rg2+ Rg7 38.Rf2 Re7 39.Qf3 Qe6 40.Rxg7+ Rxg7+ 41.Rg2 Qe4 42.Rxg7+ Bxg7
43.Qh5 Qe6 44.Qg5 Kf7 45.Kf2 Qf6 46.Qxf6+ Bxf6 47.Kf3 Be7 48.Be1 a5 49.Ke2 Ke6
50.Kd3 Kd7 51.Ke2 Kc7 52.Kd3 Kb8 53.Kc2 a4 54.Kd3 Ka7 55.Kc3 Ka6 56.Kd3 Kb5
57.Bc3 Bh4 58.Bd2 b6 59.Bc3 Bf2 60.Bd2 Bh4 61.Bc3 Bf6 62.Bd2 Be7 63.Bc3 c5
64.bxc5 bxc5 65.dxc5 Bxc5 66.Bb2 Kc6 67.Bc1 Kd6 68.Bb2 Ke6 69.Ke2 Bb6 70.Kd3 Bd8
71.Ke2 Be7 72.Bc1 Bf6 73.Kd3 Kd6 74.Bd2 Bb2 75.Bb4+ Kc6 76.Bf8 Bc1 77.Be7 Bb2
78.Bf8 d4 79.exd4 Kd5 80.Bc5 Bc1 81.Kc3 Bxf4 82.Kb4 Bd2+ 83.Kxa4 f4 84.Be7  1/2-1/2

[Event "II GM-Tage"]
[Site "Pulvermuehle GER"]
[Date "2004.02.27"]
[Round "10"]
[White "Bischoff,K"]
[Black "Doettling,F"]
[Result "0-1"]
[WhiteElo "2561"]
[BlackElo "2532"]

1.c4 c6 2.d4 d5 3.e3 Nf6 4.Nc3 a6 5.Qc2 e6 6.Nf3 c5 7.cxd5 exd5 8.Be2 Nc6
9.O-O Be6 10.dxc5 Bxc5 11.Rd1 Qe7 12.Nd4 O-O 13.Nxc6 bxc6 14.b3 Bd6 15.Bb2 Rfe8
16.Rac1 Ng4 17.Bxg4 Bxg4 18.Rd4 Qg5 19.Ne2 c5 20.Rd2 d4 21.Ng3 Bxg3 22.hxg3 dxe3
23.fxe3 Qxe3+ 24.Rf2 Qxg3 25.Qxc5 Rac8 26.Qd4 Rxc1+ 27.Bxc1 h5 28.Bd2 Qe5
29.Qc4 Qe6 30.Qd4 Qe4 31.Qa7 Be6 32.Qxa6 Ra8 33.Qe2 Qxe2 34.Rxe2 Rxa2 35.b4 h4
36.Rf2 Rb2 37.Bc3 Rb3 38.Rc2 Kh7 39.Kf2 g5 40.Ke3 Kg6 41.Kd4 Kh5 42.Rb2 Rxb2
43.Bxb2 Kg4 44.Ke5 Bc4 45.Kf6 Bd5 46.Be5 Bxg2 47.b5 Bd5 48.b6 Kh5 49.Bd6 Kg4
50.Be5 Bb7 51.Bd6 h3 52.Bh2 Bc8  0-1

[Event "20th Open"]
[Site "Cappelle la Grande FRA"]
[Date "2004.02.28"]
[Round "1"]
[White "Bagheri,A"]
[Black "Danielian,E"]
[Result "1/2-1/2"]
[WhiteElo "2534"]
[BlackElo "2428"]

1.c4 c6 2.e4 d5 3.exd5 cxd5 4.cxd5 Nf6 5.Nc3 Nxd5 6.Nf3 Nxc3 7.bxc3 g6 8.d4 Bg7
9.Bd3 O-O 10.O-O Nc6 11.Re1 Qa5 12.Bd2 Bg4 13.Be4 Rad8 14.h3 Bxf3 15.Bxf3 Rd7
16.Re2 Rfd8 17.Qe1 Qa3 18.Bc1 Qa4 19.Bg5 f6 20.Be3 e5 21.Rb2 exd4 22.Bxd4 Nxd4
23.cxd4 Qxd4 24.Qe6+ Kf8 25.Rd1 Qxb2 26.Rxd7 Rxd7 27.Qxd7 Qc1+ 28.Kh2 Qf4+
29.Kg1 Qc1+ 30.Bd1 Qc6 31.Qd2 Qc7 32.Bb3 f5 33.Qb4+ Qe7 34.Qc4 Qf6 35.Qc8+ Ke7
36.Qc7+ Kf8 37.Qb8+ Ke7 38.Qxb7+ Kd6 39.Qb8+ Kc6 40.Ba4+ Kd5 41.Bb3+ Kc6
42.Qxa7 Qa1+ 43.Kh2 Be5+ 44.g3 Qf1 45.Ba4+ Kd5 46.Qe3 Kd6 47.Bb3 Kc6 48.h4 Bd6
49.Ba4+ Kb7 50.Bc2 Qc4 51.Qd2 Qxh4+ 52.Kg2 Qe7 53.Bd1 Qe5 54.Bf3+ Kb6  1/2-1/2

[Event "ch-BRA"]
[Site "Rio de Janeiro BRA"]
[Date "2004.02.29"]
[Round "5"]
[White "Teixeira,Ri"]
[Black "Souza Neves,A"]
[Result "1-0"]
[WhiteElo "2368"]
[BlackElo "2175"]

1.c4 c6 2.Nc3 d5 3.d4 Nf6 4.e3 a6 5.Nf3 b5 6.b3 Bg4 7.Be2 e6 8.h3 Bh5 9.a4 Bb4
10.Bd2 bxc4 11.bxc4 Nbd7 12.O-O Qa5 13.Qc2 c5 14.cxd5 exd5 15.Nxd5 Bxd2 16.Nxd2 Bxe2
17.Nb3 Qd8 18.Nxf6+ Qxf6 19.Qe4+ Qe6 20.Qxa8+ Ke7 21.Qxh8  1-0

[Event "20th Open"]
[Site "Cappelle la Grande FRA"]
[Date "2004.03.01"]
[Round "4"]
[White "McNab,C"]
[Black "Seret,JL"]
[Result "1-0"]
[WhiteElo "2388"]
[BlackElo "2315"]

1.c4 c6 2.Nf3 d5 3.e3 Nf6 4.Nc3 a6 5.b3 Bg4 6.Be2 e6 7.Bb2 Nbd7 8.d3 Bd6
9.h3 Bh5 10.g4 Bg6 11.g5 Nh5 12.h4 h6 13.Qc2 Qe7 14.O-O-O b5 15.Qd2 bxc4
16.dxc4 Nc5 17.b4 Ne4 18.Nxe4 Bxe4 19.c5 Bc7 20.Nd4 Bxh1 21.Rxh1 hxg5 22.hxg5 Kd7
23.Rxh5 Rxh5 24.Bxh5 a5 25.a3 axb4 26.axb4 g6 27.Bd1 Qxg5 28.b5 cxb5 29.Qb4 Qe7
30.Be2 Ke8 31.Nxb5 Ba5 32.Qd4 Rc8 33.Nd6+ Qxd6 34.Qd1 Qd8  1-0

[Event "21st Open"]
[Site "Reykjavik ISL"]
[Date "2004.03.07"]
[Round "1"]
[White "Votava,J"]
[Black "Fridjonsson,J"]
[Result "1-0"]
[WhiteElo "2505"]
[BlackElo "2176"]

1.c4 c6 2.e4 d5 3.exd5 cxd5 4.cxd5 Nf6 5.Qa4+ Nbd7 6.Nc3 g6 7.d4 Bg7 8.Nge2 O-O
9.Nf4 a6 10.Qb3 b5 11.Be2 Nb6 12.O-O Bb7 13.Bf3 Qd6 14.a4 b4 15.a5 g5 16.Nd3 Nbxd5
17.Nxd5 Nxd5 18.Bxg5 Bxd4 19.Rad1 e5 20.Nxb4 Qxb4 21.Qxb4 Nxb4 22.Bxb7 Rab8
23.Be4 Rfc8 24.b3 Rc3 25.Rb1 Nd3 26.b4 Kg7 27.Bd2 Rc2 28.Rbd1 Nxf2 29.Rxf2 Rb2
30.Bh6+ Kxh6 31.Rxd4 Rxf2 32.Rd6+ Kg5 33.Kxf2 Rxb4 34.Bd3  1-0

[Event "21st Open"]
[Site "Reykjavik ISL"]
[Date "2004.03.08"]
[Round "2"]
[White "Johannesson,I"]
[Black "Ragnarsson,J"]
[Result "1-0"]
[WhiteElo "2302"]
[BlackElo "2122"]

1.c4 c6 2.d4 d5 3.Nf3 e6 4.Qc2 Bd6 5.g3 f5 6.Bg2 Nf6 7.Bf4 Bxf4 8.gxf4 O-O
9.Nbd2 Kh8 10.Ne5 Ne4 11.Bxe4 fxe4 12.e3 Nd7 13.h4 Nxe5 14.dxe5 b5 15.c5 b4
16.O-O-O Ba6 17.Nxe4 h6 18.Ng5 hxg5 19.hxg5+ Kg8 20.Qg6 Qe8 21.Qh7+ Kf7 22.g6+ Ke7
23.Qxg7+ Rf7 24.gxf7 Qxf7 25.Rh7 Rf8 26.Qg5+  1-0

[Event "Koenigsspringer IM"]
[Site "Hamburg GER"]
[Date "2004.03.10"]
[Round "4"]
[White "Buhr,CC"]
[Black "Hochgraefe,M"]
[Result "1/2-1/2"]
[WhiteElo "2347"]
[BlackElo "2327"]

1.c4 c6 2.Nf3 d5 3.Qc2 Nf6 4.g3 Bg4 5.Bg2 Nbd7 6.d3 e6 7.O-O Bd6 8.e4 O-O
9.Nc3 dxc4 10.dxc4 e5 11.Be3 Bxf3 12.Bxf3 Bc5 13.Bd2 Qe7 14.Rab1 Rfd8 15.a3 Nf8
16.b4 Ne6 17.Bg2 Nd4 18.Qb2 Bb6 19.Rbe1 Qe6 20.c5 Qb3 21.Rb1 Bc7 22.Rfe1 Qc2
23.Be3 h6 24.Nd5 cxd5 25.Bxd4 Qxb2 26.Bxb2 dxe4 27.Rbd1 Kf8 28.f3 exf3 29.Bxf3 Rxd1
30.Rxd1 e4 31.Bxf6 exf3 32.Rd7 Rc8 33.Bb2 Ke8 34.Rd3 f6 35.Kf2 Rd8 36.Rxd8+ Bxd8
37.Kxf3 Kf7 38.g4 g6 39.Ke4 Ke6 40.Bc1 f5+ 41.gxf5+ gxf5+ 42.Kd4 Bc7 43.Bxh6  1/2-1/2

[Event "ch-PER"]
[Site "Lima PER"]
[Date "2004.03.11"]
[Round "5.2"]
[White "Retamozo,H"]
[Black "Oblitas,C"]
[Result "0-1"]
[WhiteElo "2228"]
[BlackElo "2387"]

1.c4 c6 2.Nf3 d5 3.b3 Nf6 4.Bb2 Bg4 5.e3 e6 6.h3 Bh5 7.Be2 Nbd7 8.d3 Bb4+
9.Kf1 Qe7 10.a3 Bd6 11.g4 Bg6 12.Rg1 h6 13.Nc3 Nh7 14.h4 Nhf6 15.h5 Bh7 16.g5 hxg5
17.Rxg5 Bf5 18.cxd5 Bh3+ 19.Ke1 exd5 20.Nd4 Be5 21.Nf3 Bd6 22.Ng1 Be6 23.Rxg7 O-O-O
24.d4 Rdg8 25.Rxg8+ Rxg8 26.Kd2 Ng4 27.Qf1 Qg5 28.b4 Qxh5 29.b5 c5 30.b6 axb6
31.Nb5 Bb8 32.Nf3 Ndf6 33.Nc3 Qf5 34.Rc1 c4 35.Rc2 b5 36.Kc1 Ne4 37.Nxe4 Qxe4
38.Qe1 Bf5 39.Bd1 Qe7 40.Rc3 Bc7 41.Bc2 Be4 42.Bxe4 Qxe4 43.Nd2 Qg2 44.f3 Nf2
45.Kb1 Nd3 46.Rxd3 cxd3 47.Qc1 Qg1 48.Nb3 Qxc1+ 49.Bxc1 Rg2 50.Bd2 Bd6 51.Kb2 b4
52.a4 f5 53.f4 Kd7 54.Kc1 b6 55.a5 bxa5 56.Nxa5 Kc7 57.Nb3 Kc6 58.Kb2 Kb5
59.Ka2 Be7 60.Kb2 Bh4 61.Kc1 Rg1+ 62.Kb2 Be1  0-1

[Event "Petrosian Mem"]
[Site "Stepanakert AZE"]
[Date "2004.03.11"]
[Round "3"]
[White "Anastasian,A"]
[Black "Asrian,K"]
[Result "1/2-1/2"]
[WhiteElo "2587"]
[BlackElo "2599"]

1.c4 c6 2.d4 d5 3.Nf3 Nf6 4.Qb3 dxc4 5.Qxc4 Bf5 6.g3 e6 7.Bg2 Nbd7 8.O-O Be7
9.Bg5 O-O 10.e3 h6 11.Bxf6 Nxf6 12.Nc3 Ne4 13.Rfd1 Nxc3 14.bxc3 Be4 15.Qb3 Qc7
16.a4 c5 17.Ne5 Bxg2 18.Kxg2 Rfc8 19.Qb1 Bd6 20.Qe4 Rab8 21.Nc4 cxd4 22.Nxd6 Qxd6
23.cxd4 Rc7 24.d5 exd5 25.Rxd5 Qc6 26.Qd4 Rd7 27.e4 Rxd5 28.exd5 Qd6 29.Rd1 b6
30.Qc4 Rd8 31.h4 h5 32.Rd4 g6 33.Rd3 Qe5 34.Rd2 Kg7 35.Kh2 Rd6 36.Kg2 Rd7
37.Qd3 Rd6  1/2-1/2

[Event "TCh-FIN 2003-4"]
[Site "Finland FIN"]
[Date "2004.03.14"]
[Round "9"]
[White "Hentunen,A"]
[Black "Topi Hulmi,T"]
[Result "1-0"]
[WhiteElo "2330"]
[BlackElo "2134"]

1.c4 c6 2.Qa4 Nf6 3.Nc3 g6 4.g3 Bg7 5.Bg2 O-O 6.Nf3 d5 7.O-O Nbd7 8.cxd5 cxd5
9.d3 Nc5 10.Qh4 Bd7 11.Bh6 Bc6 12.Bxg7 Kxg7 13.Ne5 Qd6 14.Nxc6 bxc6 15.Rac1 Rfb8
16.Rc2 a5 17.d4 Na6 18.Rd1 e6 19.a3 Rb3 20.e4 Nd7 21.Na4 Re8 22.Rdc1 Nab8
23.e5 Qc7 24.Qf4 Rc8 25.Qd2 Qa7 26.g4 Nb6 27.Nc5 Nc4 28.Qf4 Rxb2 29.Rxb2 Nxb2
30.Qf6+ Kg8 31.Rb1 Qb6 32.Nxe6 fxe6 33.Qxe6+ Kg7 34.Qxc8 Na6 35.e6  1-0

[Event "TCh-SWE 2003-4"]
[Site "Goteborg SWE"]
[Date "2004.03.14"]
[Round "11"]
[White "Cramling,D"]
[Black "Hultin,J"]
[Result "1/2-1/2"]
[WhiteElo "2425"]
[BlackElo "2300"]

1.c4 c6 2.e4 d5 3.cxd5 cxd5 4.exd5 Nf6 5.Nc3 Nxd5 6.Nf3 e6 7.d4 Be7 8.Bd3 O-O
9.O-O Nc6 10.Re1 Bf6 11.Be4 Nce7 12.Qd3 h6 13.Bd2 Bd7 14.Ne5 Nxc3 15.Bxc3 Bxe5
16.dxe5 Bc6 17.Bb4 Qxd3 18.Bxd3 Rfd8 19.Bf1 Nf5 20.Red1 Rd5 21.Rxd5 Bxd5
22.Bc3 Rc8 23.Bd3 g5 24.f3 Bc4 25.Be4 Bd5 26.Bd3 Bc4 27.Be4 Bd5 28.Rd1 Bxe4
29.fxe4 Nh4 30.Rd7 b5 31.Rb7 Rc4 32.Kf2 Rxe4 33.g3 Nf5 34.Rxb5 h5 35.Rb4 Re3
36.g4 hxg4 37.Rxg4 Rh3 38.Rxg5+ Kh7 39.Kg2 Rd3 40.Kf2 Rh3 41.Kg2 Rd3 42.Kg1 Nd4
43.Kf2 Rf3+ 44.Kg2 Rd3 45.Rg3 Rd1 46.Re3 Kg6 47.a4 Nf5 48.Re4 Rc1 49.Re2 Ne7
50.Kf3 Kf5 51.Rg2 Nd5 52.Bd4 Rf1+ 53.Kg3 Ra1 54.h4 Rxa4 55.Kf3 f6 56.exf6  1/2-1/2

[Event "21st Open"]
[Site "Reykjavik ISL"]
[Date "2004.03.15"]
[Round "8"]
[White "Johannesson,I"]
[Black "Arngrimsson,D"]
[Result "1/2-1/2"]
[WhiteElo "2302"]
[BlackElo "2239"]

1.c4 c6 2.Nf3 Nf6 3.e3 d5 4.Qc2 g6 5.b3 Bg7 6.Bb2 O-O 7.Be2 Re8 8.O-O Bf5
9.d3 Nbd7 10.Ne5 Qc7 11.Nxd7 Qxd7 12.Be5 Nh5 13.Qb2 Qc7 14.Bxg7 Nxg7 15.cxd5 cxd5
16.Rc1 Qd7 17.d4 Bxb1 18.Raxb1 Nf5 19.Rc5 Rec8 20.Rbc1 e6 21.Bd3 Nd6 22.h4 h5
23.Qc2 Kg7 24.Qb2 Kg8 25.g3 b6 26.R5c3 Rxc3 27.Rxc3 Rc8 28.Kf1 Kf8 29.Ke2 Ke7
30.Qc1 Kd8 31.Rxc8+ Nxc8 32.Qa3 Nd6 33.Qb4 Qc7 34.Kd2 Qe7 35.Qa4 Qc7 36.Qb4 Qe7
37.Qa4 Qc7 38.Qa3 Qe7 39.Qc1 Qd7 40.Qh1 Qe7 41.Qf3 Ne8  1/2-1/2

[Event "21st Open"]
[Site "Reykjavik ISL"]
[Date "2004.03.15"]
[Round "8"]
[White "Fridjonsson,J"]
[Black "Bjornsson,T"]
[Result "0-1"]
[WhiteElo "2176"]
[BlackElo "2256"]

1.c4 c6 2.e4 d5 3.exd5 cxd5 4.cxd5 Nf6 5.Bb5+ Nbd7 6.Nc3 g6 7.Nge2 Bg7 8.Nf4 O-O
9.Bc4 Qc7 10.d3 a6 11.O-O b5 12.Bb3 Nb6 13.Bd2 Bb7 14.Rc1 Qd8 15.Re1 Nbxd5
16.Ncxd5 Nxd5 17.Nxd5 Bxd5 18.Bg5 Re8 19.Rc5 Bxb3 20.Qxb3 Qd4 21.Rc2 e6 22.Re4 Qd7
23.a4 bxa4 24.Rxa4 Rab8 25.Qa2 Qxd3 26.Rd2 Qb5 27.Ra5 Qc6 28.Qa4 Qxa4 29.Rxa4 Bxb2
30.Rd1 Rb6 31.Rb1 Reb8 32.g3 Bg7 33.Rc1 h5 34.Be3 Rb1 35.Rxb1 Rxb1+ 36.Kg2 Ra1
37.Rc4 Bf6 38.h3 a5 39.g4 hxg4 40.hxg4 a4 41.g5 Bb2 42.Rc8+ Kg7 43.Rc7 a3
44.Ra7 Rd1 45.Kf3 Rd5 46.Ke4 Kf8 47.Kf3 Ke8 48.Ke4 Kd8 49.Bf4 Rd4+ 50.Kf3 Rd7
51.Ra8+ Ke7 52.Ke4 Rb7 53.Kd3 e5 54.Be3 Ke6 55.Ke4 Rb4+ 56.Kd3 Kf5 57.Ra6 e4+
58.Kc2 Bd4 59.Rxa3 Bxe3 60.fxe3 Kxg5 61.Kc3 Rb6 62.Kd4 f5 63.Ra1 Kg4 64.Rf1 g5
65.Ke5 Rb5+ 66.Kf6 f4  0-1